Sobre la arquitectura

Kaydedildi:
Detaylı Bibliyografya
Yazar: Krier, Rob (Yazar)
Materyal Türü: Kitap
Dil:İspanyolca
Baskı/Yayın Bilgisi: Barcelona Gustavo Gili 1983
Konular:
Etiketler: Etiketle
Etiket eklenmemiş, İlk siz ekleyin!

MARC

LEADER 00000nam a2200000 a 4500
001 UCT1694
003 CL-VaPUC
008 961004e19830000SP |||||||||||||||||spa|d
082 0 4 |a 724.6  |b KRI  |2 21 
100 0 |a Krier, Rob  |e author  |9 370709 
245 1 0 |a Sobre la arquitectura 
300 |a 96 p 
942 |c BK 
945 |d 19961004 00:00:00  |a rleighto 
260 |a Barcelona  |b Gustavo Gili  |c 1983 
650 0 |a Arquitectura moderna  |9 265021 
650 0 |a Diseño arquitectónico   |9 265271 
650 7 |a ESTRUCTURAS ARQUITECTONICAS  |2 CL-VaPUC  |9 370710 
650 0 |a Arquitectos   |9 268647 
583 |a last modification  |c 19961004 00:00:00  |k Rodrigo Vera 
999 |c 252154  |d 252152 
952 |0 0  |1 0  |4 0  |6 724_600000000000000_KRI_1983  |7 0  |8 P  |9 271854  |a BIBARQ  |b BIBARQ  |d 2019-11-19  |i 3236099  |o 724.6 KRI 1983  |p 3236099  |r 2025-01-20  |w 2019-11-19  |y BK  |k ARQ